Statistics for Sharks

Click here to take the quiz!

General Stats

  • This quiz has been taken 733 times
    (727 since last reset)
  • The average score is 14 of 39

Answer Stats

Answer % Correct
Great White
99%
Tiger
92%
Whale
86%
Bull
86%
Hammerhead
84%
Mako
72%
Blue
69%
Nurse
65%
Lemon
63%
Basking
61%
Thresher
46%
Black Tip Reef
42%
Goblin
41%
Dog
41%
White Tip Reef
38%
Sand Tiger
38%
Cookie Cutter
31%
Greenland
29%
Leopard
27%
Megamouth
27%
Cat
25%
Wobbegong
24%
Six Gill
16%
Frill
15%
Salmon
13%
Grey Reef
13%
Porbeagle
11%
Silky
11%
Lantern
8%
Galapagos
8%
Spinner
8%
Dusky
6%
Copper
5%
Gulper
3%
Nervous
1%
Finetooth
1%
Big Eye Thresher
1%
Whitecheek
0%

Score Distribution

Percentile by Number Answered

Percent of People with Each Score

Your Score History

You have not taken this quiz since the last reset